Statistics for National Dishes Quiz

Click here to take the quiz!

General Stats

  • This quiz has been taken 857 times
    (186 since last reset)
  • The average score is 11 of 23

Answer Stats

Answer% Correct
Spain
95%
South Korea
81%
Germany
73%
Vietnam
69%
Greece
68%
Canada
67%
France
67%
Hungary
63%
Sweden
57%
Ukraine
57%
United Kingdom
55%
Mexico
51%
Peru
40%
Brazil
39%
Philippines
37%
Jamaica
35%
Egypt
21%
Ethiopia
20%
Turkey
19%
Finland
18%
Romania
17%
Kenya
11%
Nepal
11%

Score Distribution

Percentile by Number Answered

Percent of People with Each Score

Your Score History

You have not taken this quiz since the last reset